Statistics for Top 15 Countries with Covid-19 Cases - 21 July 2021

Click here to take the quiz!

General Stats

  • This quiz has been taken 19 times
  • The average score is 17 of 28

Answer Stats

country% Correct
Italy
100%
United Kingdom
100%
United States
100%
Brazil
94%
India
94%
Russia
94%
Spain
94%
France
89%
Germany
89%
Argentina
83%
Netherlands
83%
Poland
78%
Turkey
78%
Belgium
67%
Indonesia
67%
Sweden
67%
Colombia
61%
Iran
61%
Portugal
61%
Israel
28%
Uruguay
22%
Czechia
17%
Georgia
17%
Slovenia
17%
Estonia
11%
Lithuania
11%
Panama
11%
Bahrain
6%

Score Distribution

Percentile by Number Answered

Percent of People with Each Score

Your Score History

You have not taken this quiz